[Event "zonal 3.4 (w)"]
[Site "Tashkent UZB"]
[Date "2009.06.17"]
[Round "1"]
[White "Dauletova, Gulmira"]
[Black "Turebaeva, Alfiya"]
[Result "1/2-1/2"]
[WhiteElo "2232"]
[BlackElo "2202"]
[EventDate "2009.06.17"]
[PlyCount "76"]

1.c4 Nf6 2.Nc3 g6 3.g3 Bg7 4.Bg2 c5 5.Nf3 O-O 6.O-O d5 7.cxd5 Nxd5 8.Nxd5 
Qxd5 9.d3 Nc6 10.Be3 Bd7 11.Nd4 Qd6 12.Nxc6 Bxc6 13.Bxc6 Qxc6 14.Rc1 Qd5 
15.b3 Rac8 16.Rc4 b5 17.Rc2 Rc6 18.Qd2 a6 19.Bh6 Bxh6 20.Qxh6 c4 21.Qc1 
Rfc8 22.dxc4 bxc4 23.Rd1 cxb3 24.Rxc6 Rxc6 25.Qb1 Qc4 26.Qb2 Qc3 27.Qxb3 
Qxb3 28.axb3 Rc2 29.e3 Rb2 30.Ra1 Rxb3 31.Rxa6 Kg7 32.Kg2 h5 33.h4 e6 34.
Kf3 Rb2 35.Ra5 f5 36.Ra7+ Kf6 37.Ra6 Rc2 38.Rb6 Ra2 1/2-1/2

[Event "zonal 3.4 (w)"]
[Site "Tashkent UZB"]
[Date "2009.06.17"]
[Round "1"]
[White "Davletbaeva, Madina"]
[Black "Muminova, Nafisa"]
[Result "1/2-1/2"]
[WhiteElo "2133"]
[BlackElo "2212"]
[EventDate "2009.06.17"]
[PlyCount "75"]

1.Nf3 Nf6 2.c4 c5 3.g3 d5 4.cxd5 Nxd5 5.Nc3 Nc6 6.Bg2 Nc7 7.O-O e5 8.d3 
Be7 9.Be3 O-O 10.Rc1 Be6 11.Nd2 Qd7 12.Nc4 f6 13.a4 Rad8 14.b3 Rfe8 15.Nb5
Nxb5 16.axb5 Nd4 17.b6 axb6 18.Bxd4 cxd4 19.Nxb6 Qb5 20.Nc4 Qb4 21.Ra1 b5 
22.Na5 Rc8 23.Nc6 Qxb3 24.Qxb3 Bxb3 25.Rfb1 Ba4 26.Bd5+ Kf8 27.Na7 Rc5 28.
Bc6 Rd8 29.Bxb5 Bxb5 30.Nxb5 Rc2 31.Kf1 Rb8 32.Na7 Rbb2 33.Rxb2 Rxb2 34.
Nc6 Rb7 35.Nxe7 Kxe7 36.Ra6 g5 37.f3 h5 38.Kf2 1/2-1/2

[Event "zonal 3.4 (w)"]
[Site "Tashkent UZB"]
[Date "2009.06.17"]
[Round "1"]
[White "Sabirova, Olga"]
[Black "Khamrakulova, Yulduz"]
[Result "1/2-1/2"]
[WhiteElo "2192"]
[BlackElo "2191"]
[EventDate "2009.06.17"]
[PlyCount "103"]

1.e4 c5 2.Nc3 e6 3.g3 Nc6 4.Bg2 g6 5.d3 Bg7 6.Be3 d6 7.Qd2 Rb8 8.Nge2 Nd4 
9.O-O Ne7 10.Bh6 O-O 11.Bxg7 Kxg7 12.Nxd4 cxd4 13.Ne2 e5 14.f4 f6 15.Rf2 
Bd7 16.c3 dxc3 17.Nxc3 Nc6 18.Raf1 Be6 19.f5 Bg8 20.h4 Nd4 21.fxg6 hxg6 
22.Bh3 b5 23.b3 Rb7 24.Nd1 d5 25.Kg2 dxe4 26.dxe4 Ne6 27.Bxe6 Qxd2 28.Rxd2
Bxe6 29.Ne3 Rd7 30.Rxd7+ Bxd7 31.Nd5 f5 32.b4 Be6 33.Rc1 fxe4 34.Rc7+ Kh6 
35.Nc3 e3 36.Rc5 Rf2+ 37.Kg1 e4 38.Nxe4 Rxa2 39.Nc3 Rc2 40.Nxb5 Rb2 41.Re5
Bd7 42.Nc3 Rxb4 43.Rxe3 a5 44.Re7 Bc6 45.Ra7 a4 46.Kf2 Rb3 47.Ne2 Rb4 48.
Ke3 Re4+ 49.Kf2 Rb4 50.Ke3 Re4+ 51.Kf2 Rc4 52.Ra5 1/2-1/2

[Event "zonal 3.4 (w)"]
[Site "Tashkent UZB"]
[Date "2009.06.17"]
[Round "1"]
[White "Sergeeva, Maria"]
[Black "Nodiryanova, Nodira"]
[Result "0-1"]
[WhiteElo "2377"]
[BlackElo "2130"]
[EventDate "2009.06.17"]
[PlyCount "92"]

1.e4 e6 2.d4 d5 3.Nc3 dxe4 4.Nxe4 Bd7 5.Bd3 Bc6 6.Nf3 Nd7 7.O-O Ngf6 8.Ng3
Be7 9.Re1 Bxf3 10.Qxf3 c6 11.Bg5 O-O 12.Rad1 Re8 13.c4 Qa5 14.Bd2 Bb4 15.
Bxb4 Qxb4 16.b3 Rad8 17.Ne4 Nxe4 18.Rxe4 Nf6 19.Rh4 h6 20.h3 Qe7 21.Re1 
Rd7 22.Re5 Red8 23.Qe3 Qf8 24.Rf4 b6 25.Bc2 Qe7 26.a4 g5 27.Rf3 Rxd4 28.
Rxg5+ hxg5 29.Qxg5+ Kf8 30.Rxf6 Qc5 31.Qh6+ Ke7 32.Rf4 Qe5 33.Qh4+ Ke8 34.
Rxd4 Rxd4 35.Qg3 Qxg3 36.fxg3 f5 37.Kh2 c5 38.g4 Rd2 39.Bb1 Rb2 40.Bd3 
fxg4 41.h4 Kf7 42.h5 Kg7 43.Be4 Rxb3 44.Bc6 Kh6 45.Bd7 Re3 46.Be8 Rc3 0-1

[Event "zonal 3.4 (w)"]
[Site "Tashkent UZB"]
[Date "2009.06.17"]
[Round "1"]
[White "Tokhiryanova, Khulkar"]
[Black "Antonova, Nadezhda"]
[Result "1-0"]
[WhiteElo "2137"]
[BlackElo "1831"]
[EventDate "2009.06.17"]
[PlyCount "72"]

1.e4 c5 2.Nf3 d6 3.d4 cxd4 4.Nxd4 Nf6 5.Nc3 e6 6.Be2 Be7 7.Be3 Nc6 8.O-O 
O-O 9.Kh1 Bd7 10.Nb3 a6 11.a4 b6 12.f4 Qc7 13.Bf3 Rac8 14.Qe2 Nb4 15.Qf2 
Bd8 16.Rfd1 Bc6 17.a5 b5 18.Rd4 Nxe4 19.Bxe4 Bxe4 20.Rxe4 Nxc2 21.Qxc2 d5 
22.Rd4 Bf6 23.Qd2 Bxd4 24.Bxd4 Qc4 25.Qd1 Rc6 26.Nc1 Rfc8 27.N1e2 Qb4 28.
h3 f6 29.Qd3 Rc4 30.Nd1 Qd6 31.Ne3 R4c6 32.Bb6 Qb4 33.Rd1 Qxb2 34.Nxd5 
exd5 35.Qxd5+ Kf8 36.Nd4 Rc1 1-0

[Event "zonal 3.4 (w)"]
[Site "Tashkent UZB"]
[Date "2009.06.18"]
[Round "2"]
[White "Antonova, Nadezhda"]
[Black "Dauletova, Gulmira"]
[Result "1/2-1/2"]
[WhiteElo "1831"]
[BlackElo "2232"]
[EventDate "2009.06.17"]
[PlyCount "69"]

1.d4 d5 2.Nf3 e6 3.c4 c6 4.cxd5 exd5 5.Nc3 Nf6 6.Bg5 Be7 7.e3 O-O 8.Bd3 
Ne4 9.Bxe7 Qxe7 10.Qc2 Bf5 11.O-O Nd7 12.Rab1 Bg6 13.b4 f5 14.b5 Bh5 15.
bxc6 bxc6 16.Rb7 Bxf3 17.gxf3 Ng5 18.Kg2 f4 19.Bf5 Ne6 20.Bxh7+ Kh8 21.Rg1
fxe3 22.fxe3 Ng5 23.Bf5 Qxe3 24.Rf1 Nb6 25.f4 Nf7 26.Rf3 Qe8 27.Bg6 Qe6 
28.Bxf7 Rxf7 29.Rxf7 Qxf7 30.Rh3+ Kg8 31.Qh7+ Kf8 32.Rh5 Nd7 33.Rf5 Nf6 
34.Qh8+ Qg8 35.Qh4 1/2-1/2

[Event "zonal 3.4 (w)"]
[Site "Tashkent UZB"]
[Date "2009.06.18"]
[Round "2"]
[White "Khamrakulova, Yulduz"]
[Black "Tokhiryanova, Khulkar"]
[Result "0-1"]
[WhiteElo "2191"]
[BlackElo "2137"]
[EventDate "2009.06.17"]
[PlyCount "84"]

1.d4 Nf6 2.Nf3 e6 3.g3 d5 4.c4 Nbd7 5.Bg2 b6 6.O-O Bb7 7.cxd5 exd5 8.Nc3 
Be7 9.Bf4 Nh5 10.Bd2 O-O 11.Ne5 Nhf6 12.Rc1 c5 13.Nxd7 Qxd7 14.Bg5 c4 15.
Re1 Rad8 16.f3 Rfe8 17.Qc2 b5 18.Be3 b4 19.Nb1 Bc5 20.dxc5 Rxe3 21.Qd2 Qe7
22.Qxb4 Re8 23.Bf1 d4 24.Qxc4 Bxf3 25.Qxd4 Rd8 26.Qc4 Bd5 27.Qb4 Rxg3+ 28.
hxg3 Qe3+ 29.Kh2 Qf2+ 30.Kh3 Be6+ 31.g4 Nxg4 32.Qxg4 Rd4 33.e4 Qf3+ 34.Kh2
Bxg4 35.Bg2 Qf4+ 36.Kg1 Qg3 37.Kh1 h5 38.Rf1 Be2 39.Rc3 Qh4+ 40.Rh3 Qg5 
41.Re1 Bg4 42.Rhe3 Qxc5 0-1

[Event "zonal 3.4 (w)"]
[Site "Tashkent UZB"]
[Date "2009.06.18"]
[Round "2"]
[White "Nakhbaeva, Guliskhan"]
[Black "Davletbaeva, Madina"]
[Result "1-0"]
[WhiteElo "2172"]
[BlackElo "2133"]
[EventDate "2009.06.17"]
[PlyCount "93"]

1.d4 d6 2.Nf3 Nd7 3.g3 e5 4.Bg2 Be7 5.O-O f5 6.c4 c6 7.Nc3 e4 8.Ne1 Ngf6 
9.d5 c5 10.b3 O-O 11.f3 exf3 12.exf3 a6 13.a4 Rb8 14.f4 Ne8 15.Bb2 Bf6 16.
Qc2 Nc7 17.a5 b5 18.axb6 Nxb6 19.Nf3 Bd7 20.Rfe1 Re8 21.Kh1 Qc8 22.Bh3 
Rxe1+ 23.Rxe1 g6 24.Ng5 Qf8 25.Ne6 Nxe6 26.dxe6 Bc6+ 27.Bg2 Bxg2+ 28.Kxg2 
Qg7 29.Qd2 Bd4 30.Nd1 Bxb2 31.Nxb2 Re8 32.Re2 Qb7+ 33.Kg1 d5 34.Re5 d4 35.
Nd3 Qf3 36.Nxc5 Qc3 37.Qxc3 dxc3 38.Re3 Rc8 39.Nxa6 c2 40.Re1 Kf8 41.Nb4 
Ke7 42.Nxc2 Rc6 43.Nd4 Rd6 44.Rd1 Na8 45.Kf2 Nc7 46.c5 Rd5 47.b4 1-0

[Event "zonal 3.4 (w)"]
[Site "Tashkent UZB"]
[Date "2009.06.18"]
[Round "2"]
[White "Nodiryanova, Nodira"]
[Black "Sabirova, Olga"]
[Result "1-0"]
[WhiteElo "2130"]
[BlackElo "2192"]
[EventDate "2009.06.17"]
[PlyCount "101"]

1.d4 e6 2.c4 c5 3.d5 exd5 4.cxd5 d6 5.Nc3 Be7 6.e4 Bf6 7.Bd3 Ne7 8.h3 Ng6 
9.Nf3 O-O 10.O-O a6 11.a4 Nd7 12.Bc2 Re8 13.Nd2 Rb8 14.a5 Qe7 15.Nc4 b5 
16.axb6 Nxb6 17.Na5 Ra8 18.Na4 Nxa4 19.Bxa4 Bd7 20.Bxd7 Qxd7 21.Nc4 Qe7 
22.Re1 Ne5 23.Nb6 Ra7 24.f4 Ng6 25.Nc4 Bd4+ 26.Kh1 f5 27.Qa4 fxe4 28.Nxd6 
Rf8 29.Nb5 Rd7 30.Nxd4 cxd4 31.Qxd4 Qd6 32.Rxe4 Qxd5 33.Qxd5+ Rxd5 34.Be3 
a5 35.Ra2 Nh4 36.Re5 Rd3 37.Raxa5 Rb8 38.Bf2 Ng6 39.Rab5 Ra8 40.Re4 Rd2 
41.Be1 Rd1 42.f5 Nf4 43.Rxf4 Rxe1+ 44.Kh2 Re2 45.f6 gxf6 46.Rxf6 Kg7 47.
Rf3 Ra6 48.Rb7+ Kg8 49.Rc3 Rf6 50.b4 Rb2 51.b5 1-0

[Event "zonal 3.4 (w)"]
[Site "Tashkent UZB"]
[Date "2009.06.19"]
[Round "3"]
[White "Dauletova, Gulmira"]
[Black "Khamrakulova, Yulduz"]
[Result "1/2-1/2"]
[WhiteElo "2232"]
[BlackElo "2191"]
[EventDate "2009.06.17"]
[PlyCount "67"]

1.e4 e5 2.Nf3 Nc6 3.Bc4 Nf6 4.d3 Be7 5.O-O d6 6.c3 O-O 7.Re1 Na5 8.Bb5 a6 
9.Ba4 b5 10.Bc2 c5 11.h3 Nc6 12.Nbd2 h6 13.Nf1 Re8 14.d4 cxd4 15.cxd4 Qc7 
16.Ne3 exd4 17.Nxd4 Nxd4 18.Qxd4 Bb7 19.Bd2 Bf8 20.Rac1 Qc5 21.Qxc5 dxc5 
22.f3 Rad8 23.Ba5 Rd7 24.b3 Bd6 25.Nf5 Bf4 26.Rcd1 g6 27.Rxd7 Nxd7 28.g3 
Bb8 29.Nxh6+ Kg7 30.Ng4 Bxg3 31.Rd1 Bc6 32.Bc3+ Kf8 33.Nf6 Nxf6 34.Bxf6 
1/2-1/2

[Event "zonal 3.4 (w)"]
[Site "Tashkent UZB"]
[Date "2009.06.19"]
[Round "3"]
[White "Sabirova, Olga"]
[Black "Muminova, Nafisa"]
[Result "0-1"]
[WhiteElo "2192"]
[BlackElo "2212"]
[EventDate "2009.06.17"]
[PlyCount "160"]

1.e4 c5 2.Nc3 e6 3.g3 Nc6 4.Bg2 g6 5.d3 Bg7 6.Be3 d6 7.f4 Nge7 8.Nf3 Nd4 
9.O-O O-O 10.e5 Nef5 11.Bf2 Nxf3+ 12.Bxf3 Nd4 13.Bg2 dxe5 14.fxe5 Bxe5 15.
Ne4 f5 16.Nxc5 Qd6 17.Nb3 Nxb3 18.axb3 Bxb2 19.Ra2 Bd4 20.Qf3 Rb8 21.Bxd4 
Qxd4+ 22.Qf2 Qxf2+ 23.Kxf2 a6 24.d4 b5 25.c3 Rd8 26.b4 Rd6 27.Rfa1 Kf7 28.
Ke3 Kf6 29.Ra5 Rbb6 30.Bf3 Rd7 31.R1a2 Rbd6 32.Ke2 Rc7 33.R2a3 e5 34.dxe5+
Kxe5 35.Ke1 g5 36.Be2 Kf6 37.c4 bxc4 38.Rc5 Rxc5 39.bxc5 Rc6 40.Bxc4 Ke5 
41.Kd2 Kd4 42.Bd3 h6 43.Ra4+ Kxc5 44.Ra1 Kd4 45.Ra5 Rf6 46.Ra4+ Kd5 47.Ke3
Re6+ 48.Kf3 Rc6 49.Ke3 Ke5 50.Ra5+ Kf6 51.Kd4 Rd6+ 52.Ke3 f4+ 53.gxf4 
gxf4+ 54.Ke2 Rb6 55.h4 Rb2+ 56.Kf3 Rb3 57.Ke4 Rb4+ 58.Kf3 Bb7+ 59.Kg4 f3+ 
60.Kg3 Rb6 61.Rf5+ Ke7 62.Re5+ Re6 63.Ra5 Rf6 64.Kf2 Kd7 65.Ra4 Kc7 66.Be4
Rf4 67.Rc4+ Kd6 68.Bxb7 Rxc4 69.Bxa6 Rxh4 70.Kxf3 Ke5 71.Bb7 Kf5 72.Kg3 
Kg5 73.Bc8 Rc4 74.Be6 Rc3+ 75.Kg2 Kf4 76.Bd7 Re3 77.Kh2 Kf3 78.Bc6+ Kf2 
79.Bb7 h5 80.Bc6 h4 0-1

[Event "zonal 3.4 (w)"]
[Site "Tashkent UZB"]
[Date "2009.06.19"]
[Round "3"]
[White "Sergeeva, Maria"]
[Black "Nakhbaeva, Guliskhan"]
[Result "1-0"]
[WhiteElo "2377"]
[BlackElo "2172"]
[EventDate "2009.06.17"]
[PlyCount "61"]

1.e4 c5 2.Nf3 d6 3.d4 cxd4 4.Nxd4 Nf6 5.Nc3 e6 6.Bg5 Be7 7.Qd2 O-O 8.O-O-O
a6 9.f4 Qc7 10.Bd3 b5 11.Rhe1 Nbd7 12.Kb1 b4 13.Na4 Rb8 14.Qf2 Nc5 15.Qh4 
Nxd3 16.Rxd3 e5 17.fxe5 dxe5 18.Rf1 exd4 19.Bxf6 Bxf6 20.Rxf6 Be6 21.Rf2 
f5 22.Rdf3 Rfe8 23.Rh3 h6 24.exf5 Bd7 25.b3 Re1+ 26.Kb2 Bxa4 27.bxa4 Rd1 
28.Qg4 d3 29.Qxd1 Qc3+ 30.Kb1 Re8 31.Rf1 1-0

[Event "zonal 3.4 (w)"]
[Site "Tashkent UZB"]
[Date "2009.06.19"]
[Round "3"]
[White "Tokhiryanova, Khulkar"]
[Black "Nodiryanova, Nodira"]
[Result "0-1"]
[WhiteElo "2137"]
[BlackElo "2130"]
[EventDate "2009.06.17"]
[PlyCount "106"]

1.e4 e6 2.d4 d5 3.e5 c5 4.c3 Nc6 5.Nf3 Bd7 6.Be2 Nge7 7.Na3 Nf5 8.Nc2 cxd4
9.cxd4 Qb6 10.O-O Be7 11.b3 Rc8 12.Be3 O-O 13.Bd3 Nb4 14.Nxb4 Qxb4 15.Qe2 
Qb6 16.Rac1 a6 17.h3 Bb5 18.Bxb5 axb5 19.g4 Nxe3 20.Qxe3 Ba3 21.Rb1 b4 22.
Ne1 Rc3 23.Nd3 Rfc8 24.Rfd1 Rc2 25.Ra1 Bb2 26.Nxb2 Rxb2 27.Rdc1 Rbc2 28.
Rxc2 Rxc2 29.Rc1 Qc7 30.Rxc2 Qxc2 31.Qg5 h6 32.Qd8+ Kh7 33.Qb6 Qc3 34.Kg2 
Kg6 35.h4 Qe1 36.Qc5 Qe4+ 37.f3 Qe2+ 38.Kg3 Qe1+ 39.Kh3 Qc3 40.Kg3 Qxc5 
41.dxc5 h5 42.Kf4 f6 43.exf6 gxf6 44.Ke3 e5 45.Ke2 hxg4 46.fxg4 f5 47.g5 
f4 48.Kf3 Kf5 49.Ke2 e4 50.Kf2 f3 51.Ke3 d4+ 52.Kf2 d3 53.Ke3 Kg6 0-1

[Event "zonal 3.4 (w)"]
[Site "Tashkent UZB"]
[Date "2009.06.19"]
[Round "3"]
[White "Turebaeva, Alfiya"]
[Black "Antonova, Nadezhda"]
[Result "1-0"]
[WhiteElo "2202"]
[BlackElo "1831"]
[EventDate "2009.06.17"]
[PlyCount "69"]

1.e4 c5 2.Nf3 e6 3.c3 d5 4.e5 c4 5.d3 cxd3 6.Bxd3 Nc6 7.O-O Qc7 8.Qe2 Bc5 
9.Nbd2 Nge7 10.Nb3 Bb6 11.Bd2 O-O 12.Rfe1 Nf5 13.Rac1 Bd7 14.c4 dxc4 15.
Rxc4 Rac8 16.Qe4 g6 17.Bg5 Qb8 18.Nc5 Be8 19.Qf4 Nce7 20.Bxe7 Nxe7 21.Qh6 
f6 22.Nxe6 Rf7 23.exf6 Rxc4 24.Bxc4 Nf5 25.Qg5 Qc8 26.Ne5 Ba5 27.Rc1 b5 
28.Bb3 Qb8 29.Nxg6 hxg6 30.Qxg6+ Kh8 31.Qxf5 Rh7 32.h3 Bd7 33.Qd5 Qe8 34.
Ng5 Rh5 35.Nf7+ 1-0

[Event "zonal 3.4 (w)"]
[Site "Tashkent UZB"]
[Date "2009.06.19"]
[Round "4"]
[White "Khamrakulova, Yulduz"]
[Black "Turebaeva, Alfiya"]
[Result "1/2-1/2"]
[WhiteElo "2191"]
[BlackElo "2202"]
[EventDate "2009.06.17"]
[PlyCount "57"]

1.d4 Nf6 2.c4 e6 3.Nf3 d5 4.Nc3 dxc4 5.e3 a6 6.a4 c5 7.Bxc4 Nc6 8.O-O Be7 
9.Qe2 cxd4 10.Rd1 e5 11.exd4 exd4 12.Nxd4 Nxd4 13.Qe5 Qd6 14.Qxd4 Qxd4 15.
Rxd4 Bc5 16.Rd1 Be6 17.Bxe6 fxe6 18.Bg5 Rd8 19.Rxd8+ Kxd8 20.Ne4 Be7 21.
Nxf6 Bxf6 22.Bxf6+ gxf6 23.Rc1 Rg8 24.f4 Rg4 25.g3 h5 26.Kf2 h4 27.Kf3 f5 
28.Rc5 hxg3 29.hxg3 1/2-1/2

[Event "zonal 3.4 (w)"]
[Site "Tashkent UZB"]
[Date "2009.06.19"]
[Round "4"]
[White "Muminova, Nafisa"]
[Black "Tokhiryanova, Khulkar"]
[Result "1-0"]
[WhiteElo "2212"]
[BlackElo "2137"]
[EventDate "2009.06.17"]
[PlyCount "65"]

1.e4 c6 2.d4 d5 3.exd5 cxd5 4.c4 Nf6 5.Nc3 Nc6 6.Bg5 Qb6 7.cxd5 Qxb2 8.Rc1
Nd8 9.Bxf6 exf6 10.Bb5+ Bd7 11.Rc2 Qb4 12.Qe2+ Be7 13.Bxd7+ Kxd7 14.Qg4+ 
Ke8 15.Qxg7 Rf8 16.Ne2 Rc8 17.O-O b6 18.Rfc1 a6 19.d6 Bxd6 20.Nd5 Rxc2 21.
Nxb4 Rxc1+ 22.Nxc1 Bxb4 23.Qxf6 Kd7 24.Qxb6 a5 25.Nd3 Re8 26.Ne5+ Ke7 27.
f4 f6 28.Qc7+ Kf8 29.Ng4 Ne6 30.Qxh7 Nxd4 31.Qh8+ Ke7 32.Qxf6+ Kd7 33.
Qxd4+ 1-0

[Event "zonal 3.4 (w)"]
[Site "Tashkent UZB"]
[Date "2009.06.19"]
[Round "4"]
[White "Nakhbaeva, Guliskhan"]
[Black "Sabirova, Olga"]
[Result "1-0"]
[WhiteElo "2172"]
[BlackElo "2192"]
[EventDate "2009.06.17"]
[PlyCount "92"]

1.d4 e6 2.c4 c5 3.d5 exd5 4.cxd5 d6 5.Nc3 Ne7 6.e4 Ng6 7.Nf3 Be7 8.Be2 Bf6
9.O-O O-O 10.Be3 Bg4 11.Nd2 Bxe2 12.Qxe2 Re8 13.f4 a6 14.a4 Nd7 15.Kh1 Bd4
16.Nd1 Bxe3 17.Nxe3 Nf6 18.Qd3 b5 19.axb5 axb5 20.Rae1 Qd7 21.Qc2 Ra6 22.
g3 h5 23.Ng2 Ra4 24.Rf2 h4 25.gxh4 Qg4 26.b3 Rb4 27.Re3 Nh5 28.h3 Qd7 29.
Qd1 Nf6 30.h5 Nf8 31.Qf3 Rd4 32.Kh2 c4 33.bxc4 bxc4 34.Nh4 c3 35.Rxc3 Nxe4
36.Nxe4 Rdxe4 37.Rg2 f5 38.h6 R8e7 39.Qh5 Rxf4 40.Rcg3 Rxh4 41.Qxh4 g6 42.
Qf6 Rf7 43.Rxg6+ Nxg6 44.Qxg6+ Kf8 45.Qg8+ Ke7 46.Re2+ Kf6 1-0

[Event "zonal 3.4 (w)"]
[Site "Tashkent UZB"]
[Date "2009.06.19"]
[Round "4"]
[White "Nodiryanova, Nodira"]
[Black "Dauletova, Gulmira"]
[Result "1/2-1/2"]
[WhiteElo "2130"]
[BlackElo "2232"]
[EventDate "2009.06.17"]
[PlyCount "83"]

1.d4 d5 2.Nf3 e6 3.c4 c6 4.e3 f5 5.Nc3 Nf6 6.Qc2 Bd6 7.Bd3 Ne4 8.Ne2 O-O 
9.Ne5 Nd7 10.Nxd7 Bxd7 11.g3 Bb4+ 12.Nc3 c5 13.dxc5 Bc6 14.Bxe4 fxe4 15.a3
Bxc3+ 16.Qxc3 dxc4 17.b4 cxb3 18.Qxb3 Qf6 19.O-O Bd5 20.Qb2 Qf5 21.Qd4 Rf6
22.Bb2 Raf8 23.f4 exf3 24.Rf2 Rg6 25.Re1 Rg4 26.Qc3 h5 27.Qe5 Qg6 28.Rd2 
f2+ 29.Rxf2 Rxf2 30.Kxf2 Qf7+ 31.Ke2 Bc4+ 32.Kd1 Qf3+ 33.Kc1 Bb3 34.Kb1 
Qf2 35.Rc1 Qxh2 36.Qb8+ Kh7 37.Qxb7 Bd5 38.c6 Rxg3 39.Qb8 Bxc6 40.Be5 Be4+
41.Ka1 Qd2 42.Bb2 1/2-1/2

[Event "zonal 3.4 (w)"]
[Site "Tashkent UZB"]
[Date "2009.06.20"]
[Round "5"]
[White "Antonova, Nadezhda"]
[Black "Khamrakulova, Yulduz"]
[Result "1/2-1/2"]
[WhiteElo "1831"]
[BlackElo "2191"]
[EventDate "2009.06.17"]
[PlyCount "88"]

1.d4 Nf6 2.c4 e6 3.Nc3 d5 4.Bg5 Be7 5.e3 O-O 6.Nf3 Nbd7 7.cxd5 exd5 8.Bd3 
h6 9.Bh4 b6 10.Rc1 Bb7 11.O-O c5 12.dxc5 bxc5 13.b3 Ne4 14.Bxe7 Qxe7 15.
Qe2 Qe6 16.Rc2 Nxc3 17.Rxc3 a6 18.Qc2 g6 19.Rd1 Rfd8 20.Be2 Rac8 21.h3 Qe7
22.Rc1 Qd6 23.Rd1 Qe7 24.Rc1 Qd6 25.Rd1 Qb6 26.Rcd3 Nf6 27.Qc3 a5 28.Qe5 
Qd6 29.Qxd6 Rxd6 30.Ne5 Ba6 31.Nc4 Re6 32.Rxd5 Nxd5 33.Rxd5 Bxc4 34.Bxc4 
Re7 35.a4 Kg7 36.Rd6 Rcc7 37.h4 Red7 38.Ra6 Ra7 39.Rc6 Rdc7 40.Rd6 Rd7 41.
Rc6 Rdc7 42.Rd6 Kg8 43.e4 Re7 44.Bd5 Red7 1/2-1/2

[Event "zonal 3.4 (w)"]
[Site "Tashkent UZB"]
[Date "2009.06.20"]
[Round "5"]
[White "Dauletova, Gulmira"]
[Black "Muminova, Nafisa"]
[Result "1-0"]
[WhiteElo "2232"]
[BlackElo "2212"]
[EventDate "2009.06.17"]
[PlyCount "77"]

1.c4 Nf6 2.Nc3 c5 3.g3 d5 4.cxd5 Nxd5 5.Bg2 Nc7 6.Qa4+ Nd7 7.Nf3 g6 8.d4 
cxd4 9.Qxd4 Nf6 10.Qxd8+ Kxd8 11.Ng5 Ke8 12.Bf4 Na6 13.Rd1 Bg7 14.O-O h6 
15.Nf3 Nd7 16.e4 e5 17.Be3 Bf8 18.Nb5 b6 19.Bh3 f6 20.Nh4 g5 21.Ng6 Rh7 
22.Nxf8 Kxf8 23.Nd6 Nac5 24.Nxc8 Rxc8 25.Bxc5+ Rxc5 26.Rxd7 Rxd7 27.Bxd7 
Rc2 28.Rb1 Ke7 29.Bf5 Kd6 30.Kg2 Kc5 31.Kf3 a5 32.Ke3 b5 33.Bg4 a4 34.Bd1 
Rc4 35.Be2 Rd4 36.Rc1+ Kb6 37.a3 b4 38.Rc4 bxa3 39.bxa3 1-0

[Event "zonal 3.4 (w)"]
[Site "Tashkent UZB"]
[Date "2009.06.20"]
[Round "5"]
[White "Sabirova, Olga"]
[Black "Davletbaeva, Madina"]
[Result "1-0"]
[WhiteElo "2192"]
[BlackElo "2133"]
[EventDate "2009.06.17"]
[PlyCount "105"]

1.e4 e5 2.Nf3 Nc6 3.Bc4 Nf6 4.d3 Bc5 5.c3 d6 6.O-O O-O 7.Bg5 h6 8.Bh4 Bb6 
9.Nbd2 Qe7 10.Re1 Bg4 11.h3 Be6 12.Bb5 Nd8 13.d4 c6 14.Bd3 Bd7 15.Nc4 g5 
16.dxe5 dxe5 17.Bg3 Bc7 18.Nfxe5 Bxh3 19.gxh3 b5 20.Qf3 bxc4 21.Nxc4 Bxg3 
22.fxg3 Nd7 23.Kg2 Rb8 24.Qf5 f6 25.b3 Ne5 26.Nxe5 fxe5 27.Qg6+ Qg7 28.
Bc4+ Kh8 29.Qxg7+ Kxg7 30.Rad1 Rb7 31.Rd6 Re7 32.Red1 Nb7 33.Rd7 Re8 34.b4
Kg6 35.Ba6 Rxd7 36.Rxd7 Nd8 37.Rxa7 Ne6 38.Rd7 Rd8 39.Rxd8 Nxd8 40.Bc4 Kf6
41.a4 Ke7 42.a5 Kd7 43.a6 Kc7 44.Kf3 h5 45.Ke3 Kb6 46.Kd2 Kc7 47.Kc2 Kb6 
48.Kb3 Ka7 49.Ka3 h4 50.g4 Kb6 51.Ka4 Ka7 52.Ka5 c5 53.b5 1-0

[Event "zonal 3.4 (w)"]
[Site "Tashkent UZB"]
[Date "2009.06.20"]
[Round "5"]
[White "Tokhiryanova, Khulkar"]
[Black "Nakhbaeva, Guliskhan"]
[Result "1-0"]
[WhiteElo "2137"]
[BlackElo "2172"]
[EventDate "2009.06.17"]
[PlyCount "79"]

1.e4 c5 2.Nf3 e6 3.d4 cxd4 4.Nxd4 Nf6 5.Nc3 d6 6.Bg5 Be7 7.f4 a6 8.Qf3 Qc7
9.O-O-O O-O 10.g4 Nbd7 11.Bxf6 Nxf6 12.g5 Nd7 13.h4 b5 14.a3 Rb8 15.Bh3 
Re8 16.Nxe6 fxe6 17.Bxe6+ Kh8 18.Nd5 Qd8 19.Bf7 Rf8 20.Qh5 Rxf7 21.Qxf7 
Bf8 22.h5 Rb7 23.h6 g6 24.Ne3 Nb6 25.Qb3 Rc7 26.e5 Bb7 27.exd6 Bxd6 28.
Rhf1 Qe7 29.Qd3 Nc8 30.Ng4 Rc4 31.Nf6 Be4 32.Nxe4 Qxe4 33.Rde1 Qc6 34.b3 
Bxa3+ 35.Kb1 Bf8 36.bxc4 bxc4 37.Qd8 Kg8 38.Re8 Qb6+ 39.Qxb6 Nxb6 40.Rd1 
1-0

[Event "zonal 3.4 (w)"]
[Site "Tashkent UZB"]
[Date "2009.06.20"]
[Round "5"]
[White "Turebaeva, Alfiya"]
[Black "Nodiryanova, Nodira"]
[Result "1-0"]
[WhiteElo "2202"]
[BlackElo "2130"]
[EventDate "2009.06.17"]
[PlyCount "29"]

1.e4 c6 2.d4 d5 3.e5 Bf5 4.Nc3 e6 5.Nf3 Nd7 6.Bd3 Bxd3 7.Qxd3 a6 8.O-O Ne7
9.Ne2 Nf5 10.Nf4 Be7 11.Bd2 Nh4 12.Nh5 Nxf3+ 13.Qxf3 g6 14.Ng7+ Kf8 15.
Nxe6+ 1-0

[Event "zonal 3.4 (w)"]
[Site "Tashkent UZB"]
[Date "2009.06.21"]
[Round "6"]
[White "Muminova, Nafisa"]
[Black "Turebaeva, Alfiya"]
[Result "1-0"]
[WhiteElo "2212"]
[BlackElo "2202"]
[EventDate "2009.06.17"]
[PlyCount "103"]

1.e4 e5 2.Nf3 Nc6 3.Bb5 Nf6 4.O-O Nxe4 5.Re1 Nd6 6.Nxe5 Nxe5 7.Rxe5+ Be7 
8.Bf1 O-O 9.d4 Bf6 10.Re1 Nf5 11.c3 d5 12.Bf4 c6 13.Nd2 Nh4 14.Nb3 b6 15.
Nc1 Ng6 16.Bg3 Bh4 17.Nd3 Bxg3 18.hxg3 Qf6 19.Re3 Bd7 20.a4 Qd6 21.Qh5 
Rfe8 22.Rxe8+ Rxe8 23.b4 Qf6 24.a5 Bf5 25.axb6 axb6 26.Ra6 Rb8 27.Qf3 Qe6 
28.Nf4 Qe4 29.Qxe4 Bxe4 30.b5 Nxf4 31.gxf4 cxb5 32.Bxb5 Kf8 33.f3 Bc2 34.
Kf2 Rc8 35.Ra3 Ke7 36.Ke3 Bg6 37.Ra7+ Kf6 38.Kd2 Rd8 39.Rb7 Rd6 40.g4 h5 
41.Ke3 hxg4 42.fxg4 Re6+ 43.Kf2 Bc2 44.Bd7 Rd6 45.Be8 Rd8 46.Rxf7+ Ke6 47.
f5+ Kd6 48.Bb5 g6 49.Rf6+ Ke7 50.Rxg6 Rc8 51.Re6+ Kf7 52.Rc6 1-0

[Event "zonal 3.4 (w)"]
[Site "Tashkent UZB"]
[Date "2009.06.21"]
[Round "6"]
[White "Nakhbaeva, Guliskhan"]
[Black "Dauletova, Gulmira"]
[Result "0-1"]
[WhiteElo "2172"]
[BlackElo "2232"]
[EventDate "2009.06.17"]
[PlyCount "70"]

1.d4 Nf6 2.c4 g6 3.Nc3 Bg7 4.g3 O-O 5.Bg2 c5 6.Nf3 cxd4 7.Nxd4 Nc6 8.O-O 
Ng4 9.e3 d6 10.b3 Nxd4 11.exd4 Nh6 12.Bb2 Nf5 13.Ne2 Rb8 14.Qd3 a6 15.Rac1
Bd7 16.Rc2 Qb6 17.Bc3 Rfc8 18.Rb2 Qc7 19.Rc1 b5 20.c5 b4 21.c6 bxc3 22.
cxd7 Qxd7 23.Rbc2 Qb5 24.Qe4 d5 25.Qxd5 Qxd5 26.Bxd5 Nxd4 27.Nxd4 Bxd4 28.
Kg2 Rd8 29.Be4 Rb6 30.Re2 e5 31.Rf1 Kg7 32.f4 exf4 33.Rxf4 Bf6 34.Rff2 
Rbd6 35.Rc2 a5 0-1

[Event "zonal 3.4 (w)"]
[Site "Tashkent UZB"]
[Date "2009.06.21"]
[Round "6"]
[White "Nodiryanova, Nodira"]
[Black "Antonova, Nadezhda"]
[Result "1-0"]
[WhiteElo "2130"]
[BlackElo "1831"]
[EventDate "2009.06.17"]
[PlyCount "87"]

1.d4 Nf6 2.Nf3 e6 3.c4 b6 4.g3 Bb4+ 5.Bd2 a5 6.Bg2 Bb7 7.a3 Be7 8.Nc3 O-O 
9.O-O d5 10.Ne5 c5 11.Be3 Nbd7 12.Nxd7 Qxd7 13.Na4 Qc7 14.Bf4 Bd6 15.Bxd6 
Qxd6 16.dxc5 bxc5 17.Rc1 Rac8 18.cxd5 exd5 19.Qd2 Ba6 20.Rfe1 c4 21.e3 Rb8
22.Rcd1 Rfd8 23.Qd4 Rb3 24.Nc5 Rbb8 25.e4 Qe6 26.Nxa6 Qxa6 27.exd5 Rbc8 
28.d6 Qb5 29.Bh3 Rc5 30.Bf1 Rd5 31.Bxc4 Rxd4 32.Bxb5 Rxd1 33.Rxd1 Kf8 34.
f3 g6 35.Kf2 Ne8 36.Bxe8 Kxe8 37.d7+ Ke7 38.b4 axb4 39.axb4 Rxd7 40.Rxd7+ 
Kxd7 41.Ke3 Kc6 42.Kd4 Kb5 43.Ke5 f5 44.Kf6 1-0

[Event "zonal 3.4 (w)"]
[Site "Tashkent UZB"]
[Date "2009.06.21"]
[Round "6"]
[White "Sergeeva, Maria"]
[Black "Sabirova, Olga"]
[Result "1-0"]
[WhiteElo "2377"]
[BlackElo "2192"]
[EventDate "2009.06.17"]
[PlyCount "127"]

1.e4 d5 2.exd5 Nf6 3.Bb5+ Bd7 4.Bc4 Bg4 5.f3 Bc8 6.Nc3 Nbd7 7.Nge2 Nb6 8.
b3 Nbxd5 9.Nxd5 Nxd5 10.Bb2 e6 11.Nc3 Qg5 12.g3 Nxc3 13.Bxc3 Bd7 14.Qe2 
Bc6 15.f4 Qf5 16.Rf1 O-O-O 17.O-O-O h5 18.Bd3 Qg4 19.Qe3 b6 20.f5 Ba3+ 21.
Kb1 Bc5 22.Qe5 Bd4 23.Bxd4 Qxd4 24.Qxd4 Rxd4 25.fxe6 fxe6 26.Rde1 Rh6 27.
Rf7 Rd7 28.Rf8+ Kb7 29.h4 Bg2 30.Re5 Bh3 31.Rg5 Bg4 32.Be4+ c6 33.Rg8 Rf6 
34.R8xg7 Rff7 35.Rxf7 Rxf7 36.Bg6 Rg7 37.Be8 Rh7 38.Rg8 Kc7 39.Kb2 Kd6 40.
Kc3 c5 41.Bg6 Rh6 42.d4 Ke7 43.dxc5 bxc5 44.Kc4 e5 45.Kxc5 Be6 46.Re8+ Kd7
47.Bxh5 Rxh5 48.Ra8 e4+ 49.Kd4 Ra5 50.a4 Bf5 51.c4 Ra6 52.c5 Kc7 53.Rf8 
Be6 54.Rf6 Rc6 55.b4 Bd7 56.Rxc6+ Bxc6 57.b5 Bd5 58.h5 Bf7 59.g4 Bb3 60.h6
Bg8 61.Kxe4 Kd7 62.Ke5 Ke7 63.b6 axb6 64.cxb6 1-0